| 000 | 01111cam a2200265 i 4500 | ||
|---|---|---|---|
| 003 | SA-RiAUC | ||
| 005 | 20241230142611.0 | ||
| 008 | 241228s2007 su g 0001e ara c | ||
| 020 | _a9789960581361 | ||
| 020 | _a9789960581361 | ||
| 040 |
_aSA-RiIMS _bara _cSA-RiAUC _erda |
||
| 082 | 0 | 4 |
_a814.9531 _qSA-RiAUC |
| 090 |
_a814.9531 _b ر ب ي |
||
| 100 | 1 |
_aالربيع، محمد بن عبد الرحمن بن حمد، _d1366 هجري- _eمؤلف. |
|
| 245 | 1 | 0 |
_aمن ثمرات المنابر : _bشخصيات وقضايا ثقافية وفكرية / _cمحمد بن عبد الرحمن الربيع. |
| 250 | _aالطبعة الأولى. | ||
| 264 | 1 |
_aالرياض : _bمحمد بن عبد الرحمن بن حمد الربيع، _c2007 |
|
| 300 |
_a374 صفحة ؛ _c24 سم |
||
| 336 |
_aنص _btxt _2rdacontent _3كتاب |
||
| 337 |
_aبدون وسيط _bn _2rdamedia |
||
| 338 |
_aمجلد _bnc _2rdacarrier |
||
| 650 | 7 |
_aالأدب العربي _zالسعودية _yقرن 14 هجري _vمقالات ومحاضرات _2aucsh |
|
| 942 |
_2ddc _cBOOK _n0 |
||
| 949 |
_aSA-JeALM _d241228 _umohamedma123 _n1 |
||
| 999 |
_c4138 _d4138 |
||